000 00444nam a2200181Ia 4500
005 20250603145455.0
008 250603s9999 xx 000 0 und d
020 _a9781032445601
050 _aRA 644 .C67 .O78/
100 _aEdited by Tornike Metreveli.
245 0 _aOrthodox Christianity and the Covid-19 pandemic
260 _aLondon
260 _bRoutledge
260 _c2024
300 _a215 p
650 _aLondon
942 _cBK
999 _c41962
_d41962